| 000 | 01666nam0a2200385 4500 | ||
|---|---|---|---|
| 001 | RU\NLR\bibl\168762 | ||
| 005 | 20260405093937.0 | ||
| 010 |
_a5-88996-203-5 _9300 |
||
| 021 |
_aRU _b2001-15844 _9737 |
||
| 035 | _a(NLR Aleph) 000165567 | ||
| 090 |
_a953056 _c953056 |
||
| 100 | _a20010622d2000 |||y0rusy50 ca | ||
| 101 | 0 | _arus | |
| 102 | _aRU | ||
| 105 | _ay ||||||||| | ||
| 106 | _as | ||
| 200 | 1 |
_aЧеловеческий капитал в условиях современной трансформации экономики _eСб. науч. тр. _fМ-во образования Рос. Федерации, С.-Петерб. гос. инженер.-экон. ун-т _g[Редкол.: М. М. Критский (отв. ред.) и др.] |
|
| 210 |
_aСПб. _cСПбГИЭУ _d2000 |
||
| 215 |
_a163 с. _cил. _d20 |
||
| 320 | _aБиблиогр. в конце ст. | ||
| 606 | 0 |
_aРыночная экономика _jСборники _91709114 _3RU\NLR\auth\661059219 |
|
| 610 | 0 | _aЧеловеческий капитал | |
| 675 |
_a330.117(082) _v3 _zrus |
||
| 686 |
_a06 _2rugasnti |
||
| 686 |
_a65.01 _2rubbk |
||
| 686 | _aУ5-17я43 | ||
| 702 | 1 |
_4340 _8rus _7ca _aКритский _bМ. М. _f1947-2008 _gМихаил Михайлович _3RU\NLR\auth\7734766 _917768 |
|
| 712 | 0 | 2 |
_4570 _aСанкт-Петербургский государственный инженерно-экономический университет _9562226 _3RU\NLR\AUTH\8810031811 |
| 801 | 0 |
_aRU _bRKP _c20010622 _gPSBO |
|
| 801 | 1 |
_aRU _bRKP _c20010622 |
|
| 801 | 2 |
_aRU _bNLR _c20080213 _grcr |
|
| 942 | _cBOOK | ||
| 980 | _aNB | ||